LEADER 01235nam a2200349 i 4500 001 991000804229707536 005 20020507173812.0 008 931103s1985 ne ||| | eng 020 $a0444878033 035 $ab10759530-39ule_inst 035 $aLE01302575$9ExL 040 $aDip.to Matematica$beng 082 0 $a511.5 084 $aAMS 05-06 084 $aAMS 05C 084 $aAMS 05C38 084 $aQA166.22.C93 100 1 $aAlspach, Brian Roger$0535090 245 10$aCycles in graphs /$ceds. Brian Roger Alspach, Christopher David Godsil 260 $aAmsterdam :$bNorth-Holland,$c1985 300 $aix, 471 p. ;$c24 cm 490 0 $aAnnals of discrete mathematics ;$v27 490 0 $aNorth-Holland mathematics studies,$x0304-0208 ;$v115 650 0$aGraph theory 650 0$aPaths and cycles 700 1 $aGodsil, Christopher David$eauthor$4http://id.loc.gov/vocabulary/relators/aut$041834 907 $a.b10759530$b23-02-17$c28-06-02 912 $a991000804229707536 945 $aLE013 05C ALS11 (1985)$g1$i2013000071176$lle013$o-$pE0.00$q-$rl$s- $t0$u0$v0$w0$x0$y.i10854630$z28-06-02 996 $aCycles in graphs$91455484 997 $aUNISALENTO 998 $ale013$b01-01-93$cm$da $e-$feng$gne $h0$i1 LEADER 01134nam a2200337 i 4500 001 991001291049707536 005 20020507190737.0 008 950328s1980 de ||| | eng 020 $a3540100199 035 $ab10827092-39ule_inst 035 $aLE01310015$9ExL 040 $aDip.to Matematica$beng 082 0 $a511.3 084 $aAMS 03D65 084 $aQA3 100 1 $aNormann, Dag$056064 245 10$aRecursion on the countable functionals /$cDag Normann 260 $aBerlin ; New York :$bSpringer-Verlag,$c1980 300 $aviii, 190 p. ;$c25 cm. 490 0 $aLecture notes in mathematics,$x0075-8434 ;$v811 500 $aBibliography: p. 186-187. 500 $aIncludes index 650 4$aComputable functions 650 4$aFunctionals 650 4$aRecursion theory 907 $a.b10827092$b23-02-17$c28-06-02 912 $a991001291049707536 945 $aLE013 03D NOR11 (1980)$g1$i2013000026183$lle013$o-$pE0.00$q-$rl$s- $t0$u2$v0$w2$x0$y.i1093506x$z28-06-02 996 $aRecursion on the countable functionals$981055 997 $aUNISALENTO 998 $ale013$b01-01-95$cm$da $e-$feng$gde $h0$i1